Rumahtangga Islam : neraka dunia atau neraka akhirat

Bibliographic Details
Main Author: M.Thalib
Format: Book
Published: Alor Setar : Kalam Ilham , 1993
Subjects:

MARC

LEADER 00000cam a2200000 7i4500
001 0000003667
002 000003950
005 20000330.0
020 |a 9839070118 
090 0 0 |a 297.5   |b MOH 
100 0 |a M.Thalib   |f Ustaz 
245 1 0 |a Rumahtangga Islam :   |b neraka dunia atau neraka akhirat   |c Ustaz M.Thalib 
260 |a Alor Setar :   |b Kalam Ilham ,   |c 1993 
300 |a 173 p. ;   |c 20 cm. 
650 0 0 |a Family   |x Islam 
999 |a 037122   |b BUKU   |c PINJAMAN   |e PERPUSTAKAAN KOMUNITI PETALING JAYA